La ortodoxia de J. Maritain ante un ataque reciente

Guardado en:
Detalles Bibliográficos
Autor principal: Jiménez Berguecio, Julio (autor)
Formato: Libro
Lenguaje:español
Publicado: Talca Librería Cervantes 1948
Materias:
Etiquetas: Agregar Etiqueta
Sin Etiquetas, Sea el primero en etiquetar este registro!

MARC

LEADER 00000nam a2200000 a 4500
001 UCT4316
003 CL-VaPUC
005 20240515121522.0
008 961108e19480000CL |||||||||||||||||spa|d
999 |c 253718  |d 253716 
040 |c Pontificia Universidad Católica de Valparaíso 
082 0 4 |a 194  |b JIM  |2 21 
100 |a Jiménez Berguecio, Julio  |e autor  |9 570665 
245 1 3 |a La ortodoxia de J. Maritain ante un ataque reciente 
260 |a Talca  |b Librería Cervantes  |c 1948 
300 |a 117 p 
583 |a last modification  |c 19961108 00:00:00  |k Rodrigo Vera 
600 |a Maritain, Jacques,  |d 1882-1973  |9 862881 
650 0 |a Filosofía francesa   |9 255698 
942 |c BK  |2 ddc 
945 |d 19961108 00:00:00  |a aalvarez 
952 |0 0  |1 0  |4 0  |6 194_000000000000000_JIM_1948  |7 0  |8 A  |9 274771  |a BIBTEO  |b BIBTEO  |d 2019-11-19  |i 2022877  |o 194 JIM 1948  |p 2022877  |r 2025-01-17  |w 2019-11-19  |y BK  |k ICR 
952 |0 0  |1 2  |4 0  |6 194_000000000000000_JIM_1948  |7 0  |8 A  |9 274772  |a BIBTEO  |b BIBTEO  |d 2019-11-19  |i 2022885  |o 194 JIM 1948  |p 2022885  |r 2019-11-19  |w 2019-11-19  |x Descarte 2019  |y BK  |k ICR